000 00426nam a2200181Ia 4500
001 16444
005 20260306170310.0
008 260306t2008||||xx |||||||||||||| ||und||
041 _aESP
082 _a348.6
_bD35 T. 1
100 _aDe Buen, Néstor
_eAUT
245 0 _aDerecho del trabajo:
_bconceptos generales
260 _c2008
300 _a
_c23 cm.
650 _aGEN
654 _aCDE
942 _cLIB
_dJUS
_fJUS
_2ddc
_n
999 _c16444
_d16444